• 首页
  • 本馆介绍
  • 公告通知
  • 最新文献
  • 馆藏检索
  • 电子资源
  • 读者导购
  • 参考咨询
  • 我的图书馆
  • 登录
  • 详细信息显示
  • 放入我的书架
  • 预约/预借图书
  • 作者相关作品
  • 分类相关作品
  • 丛书相关作品
  • 出版社相关作品

书目信息

  • 表格格式
  • 工作单格式
  • 卡片格式
题名:
临终心理与陪伴研究
    
 
作者: 余德慧 著
分册:  
出版信息: 重庆   重庆大学出版社  2016
页数: 310页
开本: 22cm
丛书名:
单 册:
中图分类: R48
科图分类:
主题词: 临终关怀学--心理学--研究
电子资源:
ISBN: 978-7-5624-9875-9
000 01171nam0 2200253 450
001 401
005 20180520212820.00
010    @a978-7-5624-9875-9@b精装@dCNY58.00
100    @a20160923d2016 em y0chiy50 ea
101 0  @achi
102    @aCN@b500000
105    @ay z 000yy
200 1  @a临终心理与陪伴研究@9lin zhong xin li yu pei ban yan jiu@dResearch on terminal care and bedside counseling@zeng@f余德慧等著
210    @a重庆@c重庆大学出版社@d2016
215    @a310页@d22cm
300    @a余德慧生命三部曲
305    @a简体中文版权由心灵工坊文化事业股份有限公司经成都天鸢文化传播有限公司授予重庆大学出版社独家发行
330    @a本书为余德惠与其他研究者融合临终照顾实务与本土心理学理论所写的论文集结,主题包括:从临终照顾的领域对生命时光的考察、临终照顾的灵性现象考察、临终过程心理质变的探讨、临床陪伴的心理机制与伦理、临终处境所显现的具体伦理现象、临终过程与宗教施为等,为本土生死学研究和临终陪伴提供跨越性的研究和视野。
510 1  @aResearch on terminal care and bedside counseling@zeng
606 0  @a临终关怀学@x心理学@x研究
690    @aR48@v5
701  0 @a余德慧@9yu de hui@f(1951-2012)@4著
801  0 @aCN@b91MARC@c20160923
905    @aMuseLib@dR48@e112
    
    临终心理与陪伴研究=Research on terminal care and bedside counseling/余德慧等著.-重庆:重庆大学出版社,2016
    310页;22cm
    余德慧生命三部曲
    
    ISBN 978-7-5624-9875-9(精装):CNY58.00
    本书为余德惠与其他研究者融合临终照顾实务与本土心理学理论所写的论文集结,主题包括:从临终照顾的领域对生命时光的考察、临终照顾的灵性现象考察、临终过程心理质变的探讨、临床陪伴的心理机制与伦理、临终处境所显现的具体伦理现象、临终过程与宗教施为等,为本土生死学研究和临终陪伴提供跨越性的研究和视野。
●
相关链接 在E读中查询图书 在五车中查询图书 在当当中查询图书 在豆瓣中查询图书


正题名:临终心理与陪伴研究     索取号:R48/112         预约/预借

序号 登录号 条形码 馆藏地/架位号 状态 备注
1 1075446   210754469   第二样本阅览室/ [索取号:R48/112] 在馆    
2 1075447   210754478   第三借阅区/ [索取号:R48/112] 在馆    
3 1075448   210754487   第三借阅区/ [索取号:R48/112] 在馆    
4 1075449   210754496   第三借阅区/ [索取号:R48/112] 在馆    
5 1075450   210754502   第三借阅区/ [索取号:R48/112] 在馆    
6 1075451   210754511   第三借阅区/ [索取号:R48/112] 在馆    
7 1102338   211023382   第三借阅区/ [索取号:R48/112] 在馆    
8 1102339   211023391   教育系资料室/ [索取号:R48/112] 在馆    
9 1102340   211023408   教育系资料室/ [索取号:R48/112] 在馆    
10 1102341   211023417   教育系资料室/ [索取号:R48/112] 在馆    
11 1102342   211023426   第三借阅区/ [索取号:R48/112] 在馆    
12 1102343   211023435   第三借阅区/ [索取号:R48/112] 在馆    
唐山师范学院图书馆 欢迎您!
大连网信软件有限公司© 版权所有